Culture Générale - Série 191 - Statistiques

Statistiques générales
  • Ce quiz a été pris 282 fois
  • Le résultat moyen est 6 sur 10
Statistiques - réponses
Question Réponse % Correct
Quelle est la langue officielle de la Chine ? Mandarin
96%
Quel mois est associé à la monarchie dont Louis-Philippe Ier fut le roi ? Juillet
82%
De quelle plante potagère la scarole est-elle une variété ? La salade
75%
Par quel pays les eaux de la baie d'Hudson sont-elles encerclées ? Le Canada
72%
De quel roi de France Marie de Médicis était-elle la mère ? Louis XIII
58%
Quel cadeau, venu "de pays où il ne pleut pas", Brel veut-il offrir ? Des perles de pluie
57%
Quel sculpteur s'inspire de Dante pour sa monumentale "Porte de l'Enfer" ? Auguste Rodin
56%
Quelle est la capitale de la province chinoise du Tibet ? Lhassa
47%
Dans "Le Chat botté", en quoi l'ogre se change-t-il avant d'être mangé ? Souris
47%
Comment s'appelle le forgeron du village d'Astérix ? Cetautomatix
42%
Aucun quiz correspondant
Distribution des résultats
% des personnes avec chaque résultat
Percentile par nombre de réponses
Votre historique - résultats
Vous n’avez pas pris ce quiz